Matemática i - polimodal : proyecto pedagógico con modalidad a distancia para la terminalidad de estudios de egb3 y educación polimodal editep /
Guardado en:
| Autor Principal: | |
|---|---|
| Formato: | Libro |
| Publicado: |
Mendoza :
Ediunc,
2006
|
| Series: | Trayectos cognitivos; 31
|
| Materias: | |
| Etiquetas: |
Agregar Etiqueta
Sin Etiquetas, Sea el primero en etiquetar este registro!
|
| LEADER | 01003nam a22003255a 4500 | ||
|---|---|---|---|
| 001 | CEM.cems014172 | ||
| 008 | 130507s2006##################000#0#####d | ||
| 005 | 20210804190539.0 | ||
| 003 | CEMS | ||
| 245 | 1 | 0 | |a Matemática i - polimodal : |b proyecto pedagógico con modalidad a distancia para la terminalidad de estudios de egb3 y educación polimodal editep / |c Cristina Adunka ... y Otros |
| 260 | |a Mendoza : |b Ediunc, |c 2006 | ||
| 300 | |a 282 p. | ||
| 490 | 0 | |a Trayectos cognitivos; 31 | |
| 590 | |a 1216.013 | ||
| 020 | |a 9789503902042 | ||
| 100 | 1 | |a Adunka, Cristina | |
| 653 | |a Matemática | ||
| 653 | |a Números reales | ||
| 653 | |a Recta real | ||
| 653 | |a Intervalos | ||
| 653 | |a Números racionales | ||
| 653 | |a Potenciación | ||
| 653 | |a Radicación | ||
| 653 | |a Notación científica | ||
| 653 | |a Matríces | ||
| 653 | |a Expresiones algebraicas | ||
| 653 | |a Ecuaciones | ||
| 653 | |a Inecuaciones | ||
| 653 | |a Biblioteca TC | ||
| 859 | |a CEMS |b BIB. CEMS - 11 de abril |h TC |p 1216.013 |t Ej.1 | ||
